000 00567nam a2200193Ia 4500
008 140815t2012 xxu||||| |||| 00| 0 sin d
041 _asin
080 _a8-31
_bSIN
100 _aSinha,Bejoy Kumar
245 _aඅන්දමන් සිරගෙය
246 _aAndaman Sirageya
260 _aNanila
_aNugegoda
_c2012
300 _b148p, 21 cm
500 _aSinhalese Transhlation Of Bejoy Kumar Sinha's Of In Andamans The Indian Bastille
700 _aWanasinha,Yasapala
_etr.
942 _cBK
999 _c43891
_d43891
003 LK-CoDNM
040 _aLK-CoDNM
_dLK-CoDNM
_eLK-CoDNM